000 01245nam0a2200277 4500
001 RU\NLR\bibl\1775468
005 20250616133036.0
021 _aRU
_b2011-35933
_92564
035 _a(NLR Aleph) 001766234
090 _a1609370
_c1609370
100 _a20110602d2009 |||y0rusy50 ca
101 0 _arus
102 _aRU
105 _aa |||||||||
200 1 _aМодели управления предприятием фармацевтической отрасли
_fК.С. Бурма
_gФедер. агентство по техн. регулированию и метрологии, Федер. гос. унитар. предприятие "Рос. науч.-техн. центр информ. по стандартизации, метрологии и оценке соответствия"
210 _aМосква
_cСтандартинформ
_d2009
215 _a14 с.
_cил.
_d21
606 1 _aХимико-фармацевтические фирмы
_xУправление
_92619860
_3RU\NLR\auth\661556420
686 _aУ30(0)695.2-21
686 _aУ30(0)695.2-361.4
700 1 _aБурма
_bК. С.
_4070
801 0 _aRU
_bNLR
_c20110602
_gRCR
801 1 _aRU
_bNLR
_c20110602
942 _cBOOK
980 _aNB